Connolly Limited V Bellway Homes Limited (Record no. 78799)

MARC details
000 -LEADER
fixed length control field 01670cad a22002295a 4500
001 - CONTROL NUMBER
control field L138137
008 - FIXED-LENGTH DATA ELEMENTS--GENERAL INFORMATION
fixed length control field 070518e2007 xxk w 000 0 eng d
035 ## - SYSTEM CONTROL NUMBER
System control number (Sirsi) u138137
041 0# - LANGUAGE CODE
Language code of text/sound track or separate title eng
245 00 - TITLE STATEMENT
Title Connolly Limited V Bellway Homes Limited
Medium [electronic resource]
260 ## - PUBLICATION, DISTRIBUTION, ETC.
Date of publication, distribution, etc. 2007
520 ## - SUMMARY, ETC.
Summary, etc. [2007] EWHC 895 (Ch), 23 April 2007. Considers whether a company's error in failing to challenge a figure applied to the selling of land can be rectified by the court. Also considers whether a claim of dishonesty can be made against a land valuation which is considerably inaccurate. The price of land derived by a formula was agreed by both parties and it was only subsequently appreciated by the claimant that this was an inaccurate valuation, and that some clauses of the formula ought not to have been agreed to. The defendant had also made a claim as to the net value of the land which was shown to be lower than stated. "Held": It was found that the court could not correct a contract which was agreed to by both parties. It was found that the price of price of the land in question had been misrepresented by the defendant and that the claimant could recover damages.
590 ## - LOCAL NOTE (RLIN)
Local note KA
650 24 - SUBJECT ADDED ENTRY--TOPICAL TERM
Topical term or geographic name entry element CONNOLLY LTD V BELLWAY HOMES LTD
650 24 - SUBJECT ADDED ENTRY--TOPICAL TERM
Topical term or geographic name entry element SWAINLAND BUILDERS V FREEHOLD PROPERTIES
650 24 - SUBJECT ADDED ENTRY--TOPICAL TERM
Topical term or geographic name entry element ROWALLAN GROUP V EDGEHILL PORTFOLIO NO1
650 24 - SUBJECT ADDED ENTRY--TOPICAL TERM
Topical term or geographic name entry element GEORGE WIMPEY UK LTD V TEWKESBURY BC
651 #4 - SUBJECT ADDED ENTRY--GEOGRAPHIC NAME
Geographic name England and Wales
Chronological subdivision 1543-
690 ## - LOCAL SUBJECT ADDED ENTRY--TOPICAL TERM (OCLC, RLIN)
Topical term or geographic name as entry element PROPERTY-BUSINESS ASSETS-BUSINESS ASSET APPRAISAL AND VALUATION
856 40 - ELECTRONIC LOCATION AND ACCESS
Uniform Resource Identifier <a href="https://www.bailii.org/ew/cases/EWHC/Ch/2007/895.html">https://www.bailii.org/ew/cases/EWHC/Ch/2007/895.html</a>
Public note View the article free of charge at www.bailii.org...
942 ## - ADDED ENTRY ELEMENTS (KOHA)
Suppress in OPAC 0
Holdings
Withdrawn status Lost status Source of classification or shelving scheme Damaged status Not for loan Home library Current library Shelving location Date acquired Total Checkouts Full call number Barcode Date last seen Copy number Price effective from Koha item type
    Dewey Decimal Classification     Virtual Virtual Online 18/05/2007   ONLINE PUBLICATION 138137-1001 06/08/2019 1 06/08/2019 Law report